000 00571 a2200193 4500
010 _aENG-86046
020 _a0070658943
_c450.00
035 _aEN-69579
037 _bD.B.Act / Pub
082 1 4 _a658.4013
100 1 _aGupta, Praveen
245 1 _aSix sigma business scorecard
_cby Praveen Gupta
250 _a2nd ed.
260 _aNew Delhi
_bTata Mc-Graw Hill Publishing
_c2007
270 _a7, West Patel Nagar
_bNew Delhi
_e110 008
300 _axviii, 310 p.
_c22 cm. (Hb.)
500 _aIncludes index
942 _adpl
_cEN
_2ddc
_h658.4013
_mGUP
999 _c4036
_d4036